De la Habana ha venido un barco-- (Record no. 125149)

MARC details
000 -LEADER
campo de control de longitud fija 00821nam a2200241 i 4500
001 - NÚMERO DE CONTROL
campo de control 125149
003 - IDENTIFICADOR DE NÚMERO DE CONTROL
campo de control ES-MaACL
005 - FECHA Y HORA DE LA ÚLTIMA TRANSACCIÓN
campo de control 20230906192550.0
007 - CAMPO FIJO DE DESCRIPCIÓN FÍSICA--INFORMACIÓN GENERAL
campo de control de longitud fija t|
008 - DATOS DE LONGITUD FIJA--INFORMACIÓN GENERAL
campo de control de longitud fija 070504s1929 sp ||||1| spa d
080 ## - NÚMERO DE LA CLASIFICACIÓN DECIMAL UNIVERSAL
Número de la Clasificación Decimal Universal 860-22"19"
100 1# - ENTRADA PRINCIPAL--NOMBRE DE PERSONA
Nombre de persona Paso, Antonio.
9 (RLIN) 89421
245 10 - MENCIÓN DEL TÍTULO
Título De la Habana ha venido un barco--
Resto del título : comedia grotesca en tres actos en prosa /
Mención de responsabilidad, etc. Antonio Paso y Antonio Estremera ; dibujos de Almada.
260 ## - PUBLICACIÓN, DISTRIBUCIÓN, ETC.
Lugar de publicación, distribución, etc. Madrid :
Nombre del editor, distribuidor, etc. Rivadeneyra,
Fecha de publicación, distribución, etc. 1929.
300 ## - DESCRIPCIÓN FÍSICA
Extensión 59 p. ;
Dimensiones 17 cm.
490 1# - MENCIÓN DE SERIE
Mención de serie La Farsa ;
Designación de volumen o secuencia 74
500 ## - NOTA GENERAL
Nota general Estrenada en el Teatro Cómico de Madrid, el día 14 de diciembre de 1928.
700 1# - ENTRADA AGREGADA--NOMBRE PERSONAL
Nombre de persona Estremera, Antonio.
9 (RLIN) 48253
700 1# - ENTRADA AGREGADA--NOMBRE PERSONAL
Nombre de persona Almada Negreiros, José de.
9 (RLIN) 20067
830 0# - PUNTO DE ACCESO ADICIONAL DE SERIE-TÍTULO UNIFORME
Título uniforme La Farsa ;
Designación de volumen o secuencia 74
9 (RLIN) 185863
852 ## - LOCALIZACIÓN
Ubicación ES-MaACL
Número de control de estantería 2230-F-1
Sublocalización o colección R.140870
Holdings
Estatus retirado Estado de pérdida Estado de daño No para préstamo Colección Biblioteca de origen Biblioteca actual Ubicación en estantería Fecha de adquisición Fuente de adquisición Total de préstamos Signatura topográfica completa Código de barras Visto por última vez Precio de reemplazo Tipo de ítem Koha
        Colección de folletos Biblioteca del Ateneo de Madrid Biblioteca del Ateneo de Madrid Depósito folletos 17/01/2008     2230-F-1 1130383 23/02/2023 23/02/2023 Folleto